Das Sukkulentenlexikon. Kurze Beschreibung. Herkunftsangaben und Synonymie d. sukkulenten Pflanzen mit Ausnahme de Cactaceae.

Saved in:
Bibliographic Details
Main Author: Jacobsen, Hermann, 1898-1978.
Format: Book
Language:German
Published: Jena, G. Fisher, 1970.
Edition:Mit 1063 Abb. auf 200 Taf.
Subjects:
Tags: Add Tag
No Tags, Be the first to tag this record!
LEADER 00808cam a2200241I 4500
001 006532729-2
005 20020606163548.3
008 760409s1970 gw 000 0 ger
010 |a  72578038  
035 0 |a ocm02102912 
035 0 |a ocm02102912  |z ocm03141593 
040 |a DLC  |c OSU  |d OSU  |d OCL  |d SOI  |d BOH 
050 |a SB438  |b .J33 
100 1 |a Jacobsen, Hermann,  |d 1898-1978. 
245 1 4 |a Das Sukkulentenlexikon.  |b Kurze Beschreibung. Herkunftsangaben und Synonymie d. sukkulenten Pflanzen mit Ausnahme de Cactaceae. 
250 |a Mit 1063 Abb. auf 200 Taf. 
260 |a Jena,  |b G. Fisher,  |c 1970. 
300 |a 589 p.  |b illus.  |c 25 cm. 
500 |a On title page: Gustav Fischer Verlag Stuttgart 1970. 
504 |a Bibliography: p. [523]-527. 
650 0 |a Succulent plants. 
988 |a 20020608 
906 |0 DLC